Postavenie Slovenska v scenároch budúceho vývoja Európskej únie bakalárska práca

Guardado en:
Detalles Bibliográficos
Autor principal: Petrašová, Karolína
Autor Corporativo: Fakulta medzinárodných vzťahov EU. Katedra medzinárodných politických vzťahov
Otros Autores: Štefancová, Viera
Formato: Libro
Lenguaje:eslovaco
Publicado: Bratislava 2018
Etiquetas: Agregar Etiqueta
Sin Etiquetas, Sea el primero en etiquetar este registro!

MARC

LEADER 00000nbm a2200000 4500
001 0244550
005 20180802081444.5
041 0 |a slo 
044 |a SK 
245 1 0 |a Postavenie Slovenska v scenároch budúceho vývoja Európskej únie  |b bakalárska práca  |c Karolína Petrašová ; školiteľ: Viera Štefancová 
264 1 |a Bratislava  |c 2018 
300 |a 52 s. 
100 1 |a Petrašová, Karolína 
700 1 |a Štefancová, Viera 
710 2 |a Fakulta medzinárodných vzťahov EU. Katedra medzinárodných politických vzťahov